<?xml version="1.0" encoding="UTF-8"?>
<marc:record xmlns:marc="http://www.loc.gov/MARC21/slim">
   <marc:leader>00000nam a2200000 a 4500</marc:leader>
   <marc:datafield ind1="1" ind2=" " tag="100">
      <marc:subfield code="a">Szillat, Antje</marc:subfield>
      <marc:subfield code="4">aut</marc:subfield>
      <marc:subfield code="e">Verfasser/-in</marc:subfield>
   </marc:datafield>
   <marc:datafield ind1="0" ind2="0" tag="245">
      <marc:subfield code="a">Der coolste Wolf der Stadt</marc:subfield>
   </marc:datafield>
   <marc:datafield ind1="0" ind2="0" tag="245">
      <marc:subfield code="c">Szillat, Antje</marc:subfield>
   </marc:datafield>
   <marc:datafield ind1=" " ind2="1" tag="264">
      <marc:subfield code="a">München</marc:subfield>
      <marc:subfield code="b">dtv Verlagsgesellschaft</marc:subfield>
      <marc:subfield code="c">2021</marc:subfield>
   </marc:datafield>
   <marc:datafield ind1="1" ind2=" " tag="520">
      <marc:subfield code="a">Angaben aus der Verlagsmeldung &#xD;
&#xD;
 Jasper Wulff – Der coolste Wolf der Stadt  Wulff,Jasper Wulff 1  / von Jasper Wulff&#xD;
&#xD;
&#xD;
            &#xD;
Eine haarige Angelegenheit&#xD;
&#xD;
            &#xD;
Jasper Wulff wäre eigentlich nichts lieber als völlig normal. Doch daraus wird nichts, denn Jasper und seine Familie sind Werwölfe! Ja, Familie Wulff ist alles andere als durchschnittlich, und als sie aus ihrem einsamen Waldhäuschen in die Stadt ziehen müssen, führt das schnell zu großem Chaos. Jasper hat alle Hände voll zu tun, sein struppiges Geheimnis vor seinen neuen Freunden zu bewahren. Vor allem Steve scheint es darauf anzulegen, Jaspers Geheimnis aufzudecken. Nur gut, dass sich die coole Elly vor absolut nichts fürchtet und sogar noch zu Jasper hält, als er sich eines Abends vor ihren Augen verwandelt …</marc:subfield>
   </marc:datafield>
   <marc:datafield ind1=" " ind2=" " tag="020">
      <marc:subfield code="a">9783423763523</marc:subfield>
      <marc:subfield code="9">9783423763523</marc:subfield>
   </marc:datafield>
   <marc:datafield ind1=" " ind2=" " tag="020">
      <marc:subfield code="a">3423763523</marc:subfield>
      <marc:subfield code="9">3423763523</marc:subfield>
   </marc:datafield>
   <marc:datafield ind1=" " ind2=" " tag="041">
      <marc:subfield code="a">ger</marc:subfield>
   </marc:datafield>
   <marc:datafield ind1=" " ind2=" " tag="300">
      <marc:subfield code="a">144 Seiten</marc:subfield>
   </marc:datafield>
</marc:record>
